Cesarze rzymscy 27 p.n.e- 395 n.e - Statystyki

Ogólne statystyki
  • Ten quiz został rozwiązany 813 razy
  • Średni wynik to 30 z 79
Statystyki odpowiedzi
Czas Panowania Imię Cesarza % Poprawnych
27 p.n.e.–14 Oktawian August
97%
54–68 n.e Neron
95%
37–41 n.e Kaligula
93%
161–180 n.e Marek Aureliusz
88%
14–37 n.e Tyberiusz
87%
41–54 n.e Klaudiusz
85%
117–138 n.e Hadrian
84%
98–117 n.e Trajan
81%
69–79 n.e Wespazjan
80%
180–192 n.e Kommodus
71%
79–81 n.e Tytus
69%
81–96 n.e Domicjan
67%
96–98 n.e Nerwa
67%
68–69 n.e Galba
64%
284–305 n.e Dioklecjan
63%
211–217 n.e Karakalla
62%
193–211 n.e Septymiusz Sewer
58%
69–69 n.e Witeliusz
58%
69–69 n.e Oton
57%
138–161 n.e Antoninus Pius
55%
218–222 n.e Heliogabal
53%
222–235 n.e Aleksander Sewer
50%
211–212 n.e Geta
48%
306–337 n.e Konstantyn I Wielki
47%
193–193 n.e Pertynaks
43%
270–275 n.e Aurelian
42%
379–395 n.e Teodozjusz I Wielki
42%
238–238 n.e Gordian I
37%
238–238 n.e Gordian II
37%
337–340 n.e Konstantyn II
37%
244–249 n.e Filip I Arab
36%
247–249 n.e Filip II
36%
238–244 n.e Gordian III
36%
332–363 n.e Julian Apostata
35%
235–238 n.e Maksymin Trak
34%
364–378 n.e Walens
34%
364–375 n.e Walentynian I
33%
217–218 n.e Makrynus
31%
375–392 n.e Walentynian II
31%
249–251 n.e Decjusz
30%
337–350 n.e Konstans I
30%
238–238 n.e Balbin
29%
193–193 n.e Dydiusz Julian
29%
275–276 n.e Tacyt
29%
238–238 n.e Pupien
28%
253–260 n.e Walerian I
28%
337–361 n.e Konstancjusz II
27%
285–305 n.e Maksymian
27%
253–268 n.e Galien
26%
253–257 n.e Walerian II
26%
305–311 n.e Galeriusz
25%
308–324 n.e Licyniusz
25%
276–282 n.e Probus
25%
367–383 n.e Gracjan
24%
305–306 n.e Konstancjusz I Chlorus
22%
218–218 n.e Diadumenian
21%
276–276 n.e Florian
21%
363–364 n.e Jowian
21%
307–312 n.e Maksencjusz
21%
283–284 n.e Numerian
21%
282–283 n.e Karus
19%
268–270 n.e Klaudiusz II Gotycki
19%
306–307 n.e Flawiusz Sewer
18%
251–251 n.e Hostylian
17%
283–285 n.e Karynus
17%
317–324 n.e Licyniusz II
17%
253–253 n.e Emilian
16%
251–251 n.e Herenniusz
16%
251–253 n.e Trebonian Gallus
16%
335–337 n.e Dalmacjusz
15%
316–317 n.e Waleriusz Walens
15%
335–337 n.e Hannibalian
14%
270–270 n.e Kwintyllus
14%
309–313 n.e Maksymin Daja
14%
259–260 n.e Salonin
14%
251–253 n.e Woluzjan
13%
351–354 n.e Konstancjusz Gallus
12%
317–326 n.e Kryspus
9%
324–324 n.e Martynian
8%
Nie znaleziono quizów pasujących do podanych kryteriów
Rozkład punktacji
Procent ludzi z każdym wynikiem
Percentyl według liczby udzielonych odpowiedzi
Twoja historia wyników
Nie rozwiązałeś tego quizu